Statistiche per Autostrada A8

Clicka qui per fare il quiz!

Statistiche generali

  • Questo quiz è stato fatto 29 volte
  • Il punteggio medio è 6 su 14

Statistiche sulle risposte

HintRisposta% Corretto
Varese
85%
Gallarate
73%
A26 Gravellona Toce - GenovaLegnano
62%
A36 Lentate sul SevesoLainate
58%
Busto Arsizio
50%
Barriera Gallarate NordCastellanza
42%
Cavaria
35%
Castronno
31%
Solbiate Arno
31%
Azzate
27%
A9 Como - ChiassoFieramilano
23%
Gazzada Schianno
23%
Barriera Milano NordCascina Merlata
15%
A4 Torino - Venezia Milano Viale Certosa
12%

Distribuzione punteggi

Percentile per numero di risposta

Percentuale di utenti per punteggio

I tuoi punteggi nel tempo

Non hai fatto questo quiz